Statistics for Taylor Swift RED Songs (deluxe)

Click here to take the quiz!

General Stats

  • This quiz has been taken 384 times
  • The average score is 15 of 19

Answer Stats

HintAnswer% Correct
2Red
97%
5All Too Well
92%
622
91%
4I Knew You Were Trouble
90%
1State of Grace
90%
8We Are Never Ever Getting Back Together
90%
3Treacherous
85%
9Stay Stay Stay
79%
16Begin Again
75%
11Holy Ground
75%
14Everything Has Changed
72%
15Starlight
72%
10The Last Time
70%
7I Almost Do
69%
12Sad Beautiful Tragic
69%
19Girl At Home
68%
13The Lucky One
68%
18Come Back...Be Here
66%
17The Moment I Knew
65%

Score Distribution

Percentile by Number Answered

Percent of People with Each Score

Your Score History

You have not taken this quiz